La protección constitucional de los derechos sociales (Registro nro. 22598)

000 -Cabecera
Campo de control interno 02650nam a2200277 4500
001 - Número de control
control field ESSALUD
005 - Fecha y hora de la última transacción
Campo de control 20260701142842.0
007 - Tipo material - Descripcion fisica - info general
Tipo material - Descripcion fisica - info general ta
008 - Elementos de Longitud Fija - Información General
Elementos de Longitud Fija - Información t pe ||||| |||| 00| 0 spa d
040 ## - Origen de la Catalogación
Origen de la Catalogación BMG
041 ## - Idioma
Idioma spa
100 ## - Autor
Autor Huiman Jimenez, Vicky Marleny
Rol del Autor Autor
9 (RLIN) 53059
245 ## - Titulo
Titulo La protección constitucional de los derechos sociales
246 ## - Variante del Titulo
Titulo The constitutional protection of social rights
300 ## - Páginas
Paginación páginas 79-87
520 ## - Resumen
Resumen El presente trabajo examina la protección constitucional de los derechos sociales en el Perú y su tratamiento comparado con los sistemas constitucionales de Chile, Colombia y México. La investigación inicia con la evolución del constitucionalismo social peruano desde la Constitución de 1920 hasta la de 1993, identificando los principales mecanismos de tutela judicial, entre ellos la acción de amparo y la acción de inconstitucionalidad por omisión, empleadas para corregir la inacción normativa del Estado. Se ha utilizado un método de investigación cualitativo y jurídico-comparativo, pues se contrastan los modelos de protección de derechos sociales en distintos países Iberoamericanos, destacando la tutela efectiva en Colombia mediante la acción de tutela, las limitaciones del recurso de protección en Chile y la amplitud del juicio de amparo en México.
520 ## - Resumen
Resumen Th is paper examines the constitutional protection of social rights in Peru and compares it with the constitutional systems of Chile, Colombia, and Mexico. The research begins with the evolution of Peruvian social constitutionalism from the 1920 Constitution to the 1993 Constitution, identifying the main mechanisms of judicial protection, including the amparo action and the action of unconstitutionality by omission, used to correct the State's normative inaction. A qualitative and legal comparative research method was used, contrasting the models of social rights protection in different Ibero-American countries, highlighting the effective protection in Colombia through the tutela action, the limitations of the protection remedy in Chile, and the broad scope of the amparo proceeding in Mexico.<br/>
650 ## - Temas - Descriptores
Temas - Descriptores DERECHOS SOCIALES
9 (RLIN) 5466
650 ## - Temas - Descriptores
Temas - Descriptores ACCIÓN DE INCONSTITUCIONALIDAD POR OMISIÓN
9 (RLIN) 53060
650 ## - Temas - Descriptores
Temas - Descriptores PRINCIPIO DE PROGRESIVIDAD
9 (RLIN) 53061
650 ## - Temas - Descriptores
Temas - Descriptores ACTION OF UNCONSTITUTIONOLITY BY OMISSION
9 (RLIN) 53062
650 ## - Temas - Descriptores
Temas - Descriptores SOCIAL RIGHTS
9 (RLIN) 53063
650 ## - Temas - Descriptores
Temas - Descriptores PRINCIPIE OF PROGRESSIVITY
9 (RLIN) 53064
773 0# - Revista (Relacion con el numero)
Host Biblionumber 22573
Host Itemnumber 22621
Ciudad, Editorial Lima Grupo Praxis Formación Profesional, 2026-
Codigo barras item/ejemplar PRA002
Titulo de la Revista Praxis Civil & Procesal Civil
Número de control de registro ESSALUD
ISSN 3119-7671
942 ## - Elementos de Koha
Tipo de Documento Artículos
Fecha procesamiento 2026-07-01
Catalogador sqb

No hay ítems disponibles.